大阪(梅田)駅ら乗り換えなしで行ける駅 - Statistics

General Stats
  • This quiz has been taken 12 times
  • The average score is 289 of 475
Answer Stats
Hint Answer % Correct
JR大阪駅 東京
91%
横浜
91%
岐阜
91%
敦賀
91%
京都
91%
高槻
91%
茨木
91%
芦屋
91%
神戸
91%
天王寺
91%
阪急大阪梅田駅 中津
91%
十三
91%
高槻市
91%
京都河原町
91%
心斎橋
91%
なんば
91%
動物園前
91%
熱海
82%
沼津
82%
富士
82%
静岡
82%
高山
82%
下呂
82%
美濃太田
82%
大垣
82%
米原
82%
大津
82%
堅田
82%
山科
82%
新大阪
82%
塚本
82%
尼崎
82%
西宮
82%
六甲道
82%
三ノ宮
82%
兵庫
82%
塚口
82%
宝塚
82%
野田
82%
西九条
82%
今宮
82%
新今宮
82%
京橋
82%
天満
82%
安治川口
82%
ユニバーサルシティ
82%
和歌山
82%
八尾
82%
御影
82%
六甲
82%
神戸三宮
82%
高速神戸
82%
三国
82%
豊中
82%
雲雀丘花屋敷
82%
茨木市
82%
82%
烏丸
82%
メトロ梅田駅 箕面萱野
82%
千里中央
82%
桃山台
82%
江坂
82%
西中島南方
82%
本町
82%
あびこ
82%
なかもず
82%
新疋田
73%
近江塩津
73%
長浜
73%
彦根
73%
南彦根
73%
能登川
73%
安土
73%
近江八幡
73%
野洲
73%
守山
73%
栗東
73%
草津
73%
南草津
73%
石山
73%
マキノ
73%
近江今津
73%
比叡山坂本
73%
大津京
73%
西大路
73%
桂川
73%
向日町
73%
長岡京
73%
山崎
73%
島本
73%
摂津富田
73%
吹田
73%
東淀川
73%
甲子園口
73%
元町
73%
須磨海浜公園
73%
須磨
73%
明石
73%
西明石
73%
加古川
73%
東姫路
73%
姫路
73%
英賀保
73%
網干
73%
相生
73%
播州赤穂
73%
有年
73%
上郡
73%
智頭
73%
鳥取
73%
倉吉
73%
豊岡
73%
城崎温泉
73%
浜坂
73%
川西池田
73%
西宮名塩
73%
三田
73%
新三田
73%
篠山口
73%
福島
73%
弁天町
73%
鶴橋
73%
玉造
73%
大阪城公園
73%
桜ノ宮
73%
桜島
73%
堺市
73%
三国ヶ丘
73%
日根野
73%
和泉砂川
73%
紀伊
73%
海南
73%
御坊
73%
紀伊田辺
73%
白浜
73%
串本
73%
奈良
73%
松井山手
73%
神崎川
73%
西宮北口
73%
夙川
73%
新開地
73%
石橋阪大前
73%
川西能勢口
73%
南方
73%
淡路
73%
上新庄
73%
西院
73%
山田
73%
北千里
73%
大物
73%
尼崎センタープール前
73%
甲子園
73%
山陽須磨
73%
山陽明石
73%
山陽姫路
73%
緑地公園
73%
東三国
73%
淀屋橋
73%
大国町
73%
長居
73%
新金岡
73%
メトロ東梅田駅 大日
73%
南森町
73%
谷町四丁目
73%
谷町六丁目
73%
谷町九丁目
73%
四天王寺前夕陽ヶ丘
73%
喜連瓜破
73%
八尾南
73%
住之江公園
73%
JR総持寺
73%
JR野江
73%
余呉
64%
高月
64%
虎姫
64%
田村
64%
坂田
64%
瀬田
64%
膳所
64%
永原
64%
近江高島
64%
近江舞子
64%
千里丘
64%
岸辺
64%
立花
64%
さくら夙川
64%
甲南山手
64%
摂津本山
64%
住吉
64%
摩耶
64%
64%
新長田
64%
鷹取
64%
塩屋
64%
垂水
64%
舞子
64%
大久保
64%
東加古川
64%
曽根
64%
ひめじ別所
64%
手柄山平和公園
64%
はりま勝原
64%
佐用
64%
郡家
64%
寺前
64%
和田山
64%
香住
64%
伊丹
64%
谷川
64%
柏原
64%
福知山
64%
南吹田
64%
鴫野
64%
放出
64%
久宝寺
64%
大正
64%
芦原橋
64%
寺田町
64%
桃谷
64%
森ノ宮
64%
64%
和泉府中
64%
東岸和田
64%
関西空港
64%
和泉鳥取
64%
藤並
64%
湯浅
64%
太地
64%
紀伊勝浦
64%
新宮
64%
王寺
64%
法隆寺
64%
木津
64%
加茂
64%
高田
64%
五条
64%
御幣島
64%
四条畷
64%
長尾
64%
同志社前
64%
芦屋川
64%
岡本
64%
池田
64%
平野
64%
日生中央
64%
南茨木
64%
総持寺
64%
富田
64%
上牧
64%
水無瀬
64%
西山天王山
64%
長岡天神
64%
西向日
64%
大宮
64%
下新庄
64%
南千里
64%
武庫川
64%
魚崎
64%
西代
64%
東二見
64%
飾磨
64%
箕面船場阪大前
64%
守口
64%
野江内代
64%
天神橋筋六丁目
64%
天満橋
64%
メトロ西梅田駅 肥後橋
64%
四ツ橋
64%
JR河内永和
64%
JR俊徳道
64%
木ノ本
55%
河瀬
55%
稲枝
55%
篠原
55%
竜野
55%
西相生
55%
大原
55%
竹田
55%
中山寺
55%
武田尾
55%
城北公園通
55%
高井田中央
55%
新加美
55%
熊取
55%
りんくうタウン
55%
山中渓
55%
広川ビーチ
55%
周参見
55%
大和小泉
55%
郡山
55%
平城山
55%
JR北新地駅 加島
55%
新福島
55%
大阪城北詰
55%
住道
55%
寝屋川公園
55%
京田辺
55%
春日野道
55%
花隈
55%
岡町
55%
蛍池
55%
山本
55%
売布神社
55%
清荒神
55%
崇禅寺
55%
正雀
55%
摂津市
55%
大山崎
55%
東向日
55%
西京極
55%
今津
55%
香櫨園
55%
青木
55%
西元町
55%
大開
55%
高速長田
55%
板宿
55%
須磨浦公園
55%
山陽垂水
55%
西田辺
55%
北花田
55%
阿倍野
55%
岸里
55%
玉出
55%
北加賀屋
55%
JR淡路
55%
近江中庄
45%
新旭
45%
北小松
45%
朝霧
45%
魚住
45%
土山
45%
宝殿
45%
坂越
45%
福崎
45%
猪名寺
45%
北伊丹
45%
道場
45%
相野
45%
衣摺加美北
45%
六十谷
45%
紀伊中ノ島
45%
紀三井寺
45%
紀伊由良
45%
南部
45%
御所
45%
吉野口
45%
海老江
45%
大阪天満宮
45%
河内磐船
45%
下狛
45%
祝園
45%
西木津
45%
園田
45%
武庫之荘
45%
王子公園
45%
庄内
45%
服部天神
45%
山下
45%
洛西口
45%
関大前
45%
千里山
45%
淀川
45%
千船
45%
杭瀬
45%
鳴尾・武庫川女子大前
45%
石屋川
45%
岩屋
45%
東須磨
45%
月見山
45%
舞子公園
45%
高砂
45%
昭和町
45%
太子橋今市
45%
都島
45%
文の里
45%
田辺
45%
JR長瀬
45%
JR三山木
45%
河毛
36%
安曇川
36%
御着
36%
八鹿
36%
竹野
36%
岩美
36%
黒井
36%
丹波竹田
36%
古座
36%
星田
36%
大住
36%
中山観音
36%
畦野
36%
相川
36%
豊津
36%
姫島
36%
出屋敷
36%
大石
36%
西灘
36%
須磨寺
36%
荒井
36%
大塩
36%
千林大宮
36%
関目高殿
36%
出戸
36%
長原
36%
花園町
36%
JR五位堂
36%
生野
27%
江原
27%
生瀬
27%
広野
27%
石生
27%
長滝
27%
黒江
27%
冷水浦
27%
箕島
27%
畠田
27%
香芝
27%
大和新庄
27%
掖上
27%
忍ケ丘
27%
津田
27%
藤阪
27%
久寿川
27%
打出
27%
深江
27%
新在家
27%
別府
27%
白浜の宮
27%
中崎町
27%
駒川中野
27%
藍本
18%
古市
18%
丹波大山
18%
市島
18%
宮前
18%
紀伊宮原
18%
志都美
18%
玉手
18%
北宇智
18%
滝の茶屋
18%
草野
9%
南矢代
9%
下滝
9%
新家
9%
加茂郷
9%
下津
9%
初島
9%
紀伊内原
9%
No matching quizzes found
Score Distribution
Percent of People with Each Score
Percentile by Number Answered
Your Score History
You have not taken this quiz